Yüklüyor......

Introduction to Functional Analysis

Detaylı Bibliyografya
Yazar: Taylor,Angus E.
Materyal Türü: Printed Book
Dil:English
Baskı/Yayın Bilgisi: London: Hojn Wiley and Sons, 1958.
Edisyon:1958.
Konular:
LEADER 00666nam a22001694a 4500
008 150128n ii |||gr||||Z||||||eng
082 |a 517.5 TAY 
100 |a Taylor,Angus E. 
245 1 |a Introduction to Functional Analysis  |h Textual Documents 
250 |a 1958. 
260 |a London:  |b Hojn Wiley and Sons,  |c 1958. 
300 |a xvi;423p.:  |e 05856. 
630 |a Functional Analysis,Sets, The Abstrct Approach to Linear Problems. 
852 |t 1  |p STA05856  |b General   |k 517.5 TAY  |f 00000  |c Shelf - 28 
942 |c BK 
999 |c 218241  |d 218241 
952 |0 0  |1 0  |4 0  |6 517_500000000000000_TAY  |7 0  |9 232383  |a STA  |b STA  |c Shelf - 28  |d 2019-12-11  |l 0  |o 517.5 TAY  |p STA05856  |r 2019-12-11  |t 1  |w 2019-12-11  |y BK